Online Catalogue and eLibrary

Feminism Culture & Politics / (Record no. 28)

MARC details
000 -LEADER
fixed length control field 00447nam a22001577a 4500
005 - DATE AND TIME OF LATEST TRANSACTION
control field 20231117035546.0
008 - FIXED-LENGTH DATA ELEMENTS--GENERAL INFORMATION
fixed length control field 231117b |||||||| |||| 00| 0 eng d
082 ## - DDC Classification
DDC Edition Number 22
Class No. 305.401
245 ## - TITLE STATEMENT
Title Feminism Culture & Politics /
Statement of responsibility, etc. Rosalind Brunt, Caroline Rowan.
260 ## - PUBLICATION, DISTRIBUTION, ETC.
Place of publication, distribution, etc. London:
Name of publisher, distributor, etc. Lawrences and Wishart Limited,
Date of publication, distribution, etc. 1982.
300 ## - PHYSICAL DESCRIPTION
Extent (e.g. Volumes, Pages etc.) 6 - 190 p.
650 ## - SUBJECT ADDED ENTRY--TOPICAL TERM
Topical term or geographic name entry element Women
700 ## - ADDED ENTRY--PERSONAL NAME
Personal name Brunt, Rosalind.
Relator term (Role) Editor
700 ## - ADDED ENTRY--PERSONAL NAME
Personal name Rowan, Caroline.
Relator term (Role) Editor
942 ## - Koha item type (Biblio)
Koha item type Books in Stacks (Lending)
Holdings
Lost status Damaged status Collection code Home library Current library Date acquired Full call number Accession Number Item type
    Lending WERC Library WERC Library 11/17/2023 305.401 2068 Books in Stacks (Lending)

© WERC Library